<?xml version="1.0" encoding="UTF-8"?>
<collection xmlns="http://www.loc.gov/MARC21/slim">
 <record>
  <leader>01388na  a2200253   4500</leader>
  <controlfield tag="001">1/55040</controlfield>
  <controlfield tag="008">220221s2021    gr            000 | gre d</controlfield>
  <datafield tag="020" ind1=" " ind2=" ">
   <subfield code="6">9789603104254</subfield>
  </datafield>
  <datafield tag="040" ind1=" " ind2=" ">
   <subfield code="a">GR-PeUP</subfield>
  </datafield>
  <datafield tag="082" ind1="0" ind2="0">
   <subfield code="a">938.5 ΧΙΛ</subfield>
  </datafield>
  <datafield tag="245" ind1="1" ind2="0">
   <subfield code="a">1821 :</subfield>
   <subfield code="b">διακόσια χρόνια ιστορίας : η δημοκρατική παράδοση : 14+1 κείμενα / </subfield>
   <subfield code="c">επιμέλεια Αντώνης Λιάκος.</subfield>
  </datafield>
  <datafield tag="246" ind1="1" ind2=" ">
   <subfield code="a">Χίλια οκτακόσια είκοσι ένα : Διακόσια χρόνια ιστορίας : η δημοκρατική παράδοση : 14+1 κείμενα.</subfield>
  </datafield>
  <datafield tag="260" ind1=" " ind2=" ">
   <subfield code="a">[Αθήνα] : </subfield>
   <subfield code="b">Θεμέλιο,</subfield>
   <subfield code="c">c2021.</subfield>
  </datafield>
  <datafield tag="300" ind1=" " ind2=" ">
   <subfield code="a">142 σ. ; </subfield>
   <subfield code="c">21 εκ.</subfield>
  </datafield>
  <datafield tag="490" ind1="1" ind2=" ">
   <subfield code="a">Ιστορική βιβλιοθήκη ;</subfield>
  </datafield>
  <datafield tag="504" ind1=" " ind2=" ">
   <subfield code="a">Περιλαμβάνει βιβλιογραφικές παραπομπές.</subfield>
  </datafield>
  <datafield tag="650" ind1=" " ind2="0">
   <subfield code="a">Democracy</subfield>
   <subfield code="z">Greece</subfield>
   <subfield code="x">History.</subfield>
  </datafield>
  <datafield tag="651" ind1=" " ind2="0">
   <subfield code="a">Greece</subfield>
   <subfield code="x">History</subfield>
   <subfield code="x">War of independence, 1821-1829.</subfield>
  </datafield>
  <datafield tag="651" ind1=" " ind2="4">
   <subfield code="a">Ελλάδα</subfield>
   <subfield code="x">Ιστορία</subfield>
   <subfield code="x">Επανάσταση του 1821.</subfield>
  </datafield>
  <datafield tag="700" ind1="1" ind2=" ">
   <subfield code="a">Λιάκος, Αντώνης Ι.,</subfield>
   <subfield code="d">1947-</subfield>
  </datafield>
  <datafield tag="830" ind1="0" ind2="0">
   <subfield code="a">Ιστορική Βιβλιοθήκη.</subfield>
  </datafield>
  <datafield tag="852" ind1=" " ind2=" ">
   <subfield code="a">INST</subfield>
   <subfield code="b">UNIPILB</subfield>
   <subfield code="c">MAIN</subfield>
   <subfield code="e">20220221</subfield>
   <subfield code="h">938.5 ΧΙΛ</subfield>
   <subfield code="p">00187106</subfield>
   <subfield code="q">00187106</subfield>
   <subfield code="t">LOAN</subfield>
   <subfield code="y">0</subfield>
   <subfield code="4">1</subfield>
  </datafield>
  <datafield tag="852" ind1=" " ind2=" ">
   <subfield code="a">INST</subfield>
   <subfield code="b">UNIPILB</subfield>
   <subfield code="c">MAIN</subfield>
   <subfield code="e">20220221</subfield>
   <subfield code="h">938.5 ΧΙΛ</subfield>
   <subfield code="p">00187107</subfield>
   <subfield code="q">00187107</subfield>
   <subfield code="t">LOAN</subfield>
   <subfield code="y">0</subfield>
   <subfield code="4">2</subfield>
  </datafield>
  <datafield tag="852" ind1=" " ind2=" ">
   <subfield code="a">INST</subfield>
   <subfield code="b">UNIPILB</subfield>
   <subfield code="c">MAIN</subfield>
   <subfield code="e">20220221</subfield>
   <subfield code="h">938.5 ΧΙΛ</subfield>
   <subfield code="p">00187108</subfield>
   <subfield code="q">00187108</subfield>
   <subfield code="t">LOAN</subfield>
   <subfield code="y">0</subfield>
   <subfield code="4">3</subfield>
  </datafield>
 </record>
</collection>
